| 000 | 00811nam a22002057a 4500 | ||
|---|---|---|---|
| 999 |
_c6628 _d6628 |
||
| 003 | AR-CdUCM | ||
| 008 | 190318b ||||| |||| 00| 0 spa d | ||
| 040 |
_aMUNICIPALIDAD PROVINCIAL DEL CUSCO _cBIBLIOTECA MUNICIPAL DEL CUSCO |
||
| 082 |
_a541 / _bF57 |
||
| 100 |
_aFleck, George M. _918644 |
||
| 245 | _aEquilibrios en Disolución / | ||
| 260 |
_aEspaña : _bAlhambra ; _c1967. |
||
| 300 |
_a286 páginas ; _bDiagramas, fórmulas _c20cm |
||
| 440 |
_aColección Exedra - Ciencia, Técnica, Ingeniería _n18 _918645 |
||
| 505 | _aContenido: Equilibrio químico -- Producto de solubilidad -- Equilibrios ácido-base -- Valoración de un ácido monobásico -- Ácidos bibásicos... | ||
| 650 |
_aQuímica _94512 |
||
| 700 |
_aStorch de Gracia, José María _918646 |
||
| 942 |
_2ddc _cLIBROS |
||
| 945 | _anom | ||